[Event "BL 8788 Erlangen-Sindelfingen"]
[Site "?"]
[Date "1988.??.??"]
[Round "?.2"]
[White "Franke, H."]
[Black "Huenerkopf, H."]
[Result "1-0"]
[WhiteElo "2350"]
[BlackElo "2255"]
[PlyCount "63"]
[EventDate "1988.??.??"]

1. d4 Nf6 2. Nf3 g6 3. c4 Bg7 4. Nc3 d5 5. cxd5 Nxd5 6. e4 Nxc3 7. bxc3 c5 8.
Be3 O-O 9. Rc1 Qa5 10. Qd2 cxd4 11. cxd4 Qxd2+ 12. Nxd2 Nc6 13. Nb3 Rd8 14. d5
Nb4 15. Bd2 a5 16. a3 a4 17. Nc5 Nxd5 18. exd5 Rxd5 19. Bb4 b6 20. Nd3 Bf5 21.
Nf4 Rd4 22. g3 Re4+ 23. Be2 Bb2 24. Rc7 Bg4 25. Rc2 Be5 26. O-O Bf5 27. Rc4
Rxe2 28. Nxe2 Bd3 29. Rcc1 Bb2 30. Rb1 Bxb1 31. Rxb1 Bf6 32. Bc3 1-0

[Event "BL 8788 Erlangen-Sindelfingen"]
[Site "?"]
[Date "1988.??.??"]
[Round "?.4"]
[White "Gruenenwald, J."]
[Black "Ramos, D."]
[Result "0-1"]
[WhiteElo "2330"]
[BlackElo "2310"]
[PlyCount "100"]
[EventDate "1988.??.??"]

1. d4 d5 2. c4 c6 3. Nf3 Nf6 4. cxd5 cxd5 5. Nc3 Nc6 6. Bf4 Bf5 7. e3 e6 8. Ne5
Nd7 9. Nxc6 bxc6 10. Bd3 Bxd3 11. Qxd3 Be7 12. O-O O-O 13. Rac1 Rc8 14. e4 Qb6
15. Rc2 c5 16. Rfc1 c4 17. Qe2 Bd6 18. Be3 Qb7 19. Qf3 Nb6 20. e5 Bb8 21. Qg4
f5 22. Qg3 Qf7 23. Ne2 Bc7 24. Bd2 Bd8 25. Bb4 Re8 26. Bc5 Nd7 27. Bd6 Be7 28.
Bxe7 Qxe7 29. h4 Nb8 30. b3 Na6 31. a3 Qxa3 32. bxc4 Qxg3 33. fxg3 Nb4 34. Rd2
dxc4 35. Nc3 Red8 36. Nb5 Nd3 37. Rcc2 Nb4 38. Rc1 a5 39. Nd6 c3 40. Rf2 Nd3
41. Nxc8 Nxc1 42. Nd6 Nb3 43. Nb5 Nxd4 44. Nxc3 Rc8 45. Na4 Rc1+ 46. Kh2 Nc2
47. Re2 Nb4 48. h5 Kf7 49. Rd2 Nd5 50. Rd3 g5 0-1

[Event "BL 8788 Erlangen-Sindelfingen"]
[Site "?"]
[Date "1988.??.??"]
[Round "?.5"]
[White "Hartmann, W."]
[Black "Bialas, W."]
[Result "0-1"]
[WhiteElo "2300"]
[BlackElo "2360"]
[PlyCount "38"]
[EventDate "1988.??.??"]

1. e4 g6 2. d4 Bg7 3. Nc3 d6 4. f4 c6 5. a4 Qb6 6. Nge2 a5 7. Qd3 Na6 8. Nd1
Nf6 9. c3 e5 10. Ne3 exd4 11. Nc4 Qc7 12. Qxd4 O-O 13. Qxd6 Nxe4 14. Qxc7 Nxc7
15. Be3 Nd5 16. Bg1 Re8 17. O-O-O Bg4 18. Ne5 Bxe2 19. Bxe2 Nxf4 0-1

[Event "BL 8788 Erlangen-Sindelfingen"]
[Site "?"]
[Date "1988.??.??"]
[Round "?.7"]
[White "Autenrieth, M."]
[Black "Sieglen, J."]
[Result "1-0"]
[WhiteElo "2355"]
[BlackElo "2350"]
[PlyCount "49"]
[EventDate "1988.??.??"]

1. e4 e6 2. d3 d5 3. Nd2 c5 4. g3 Nc6 5. Bg2 Nf6 6. Ngf3 Be7 7. O-O O-O 8. Re1
b5 9. exd5 exd5 10. d4 Qb6 11. a4 Bg4 12. a5 Qd8 13. dxc5 Bxc5 14. Nb3 Bb4 15.
Bd2 Be7 16. h3 Bh5 17. Bc3 Ne4 18. Nbd4 Nxd4 19. Bxd4 Bb4 20. c3 Bxa5 21. Qb3
a6 22. Ne5 Bc7 23. Nc6 Nd2 24. Qc2 Qg5 25. h4 1-0

[Event "BL 8788 Sindelfingen-Bamberg"]
[Site "?"]
[Date "1988.??.??"]
[Round "?.1"]
[White "Darga, K."]
[Black "Pfleger, H."]
[Result "1/2-1/2"]
[WhiteElo "2470"]
[BlackElo "2485"]
[PlyCount "31"]
[EventDate "1988.??.??"]

1. Nf3 d5 2. e3 Nf6 3. c4 e6 4. b3 Be7 5. Bb2 O-O 6. Be2 c5 7. O-O Nc6 8. cxd5
Nxd5 9. Nc3 Bf6 10. Qc1 b6 11. Rd1 Nxc3 12. Bxc3 Bb7 13. d4 cxd4 14. Nxd4 Nxd4
15. Bxd4 Bxd4 16. Rxd4 1/2-1/2

[Event "BL 8788 Sindelfingen-Bamberg"]
[Site "?"]
[Date "1988.??.??"]
[Round "?.2"]
[White "Zysk, R."]
[Black "Franke, H."]
[Result "1/2-1/2"]
[WhiteElo "2400"]
[BlackElo "2350"]
[PlyCount "107"]
[EventDate "1988.??.??"]

1. e4 e6 2. d4 d5 3. Nd2 Nf6 4. e5 Nfd7 5. f4 c5 6. Ndf3 Nc6 7. Ne2 Qb6 8. g3
cxd4 9. Nexd4 Nxd4 10. Nxd4 Bc5 11. c3 O-O 12. Bh3 Nb8 13. Nb3 Nc6 14. Nxc5
Qxc5 15. Qd3 d4 16. O-O dxc3+ 17. Be3 Qa5 18. Qxc3 Qxc3 19. bxc3 Rd8 20. Rfd1
Bd7 21. Rab1 b6 22. Bg2 Rac8 23. c4 Na5 24. c5 b5 25. Bf1 Nc4 26. Bf2 Bc6 27.
Bg2 Bxg2 28. Rxd8+ Rxd8 29. Kxg2 a6 30. a4 Rb8 31. Rd1 g5 32. axb5 axb5 33. Rd7
gxf4 34. gxf4 Kg7 35. c6 Rc8 36. Rb7 Na5 37. Rxb5 Nxc6 38. Rb3 Ne7 39. Rg3+ Ng6
40. Rf3 Rc2 41. Kg1 Rc4 42. Bg3 f5 43. exf6+ Kxf6 44. Rf1 Kf5 45. Kg2 h5 46.
Ra1 Nxf4+ 47. Bxf4 Rxf4 48. Ra5+ e5 49. Ra8 Kg4 50. Rg8+ Kh4 51. Re8 e4 52. h3
Kg5 53. Re5+ Kg6 54. Kg3 1/2-1/2

[Event "BL 8788 Sindelfingen-Bamberg"]
[Site "?"]
[Date "1988.??.??"]
[Round "?.3"]
[White "Fahnenschmidt, G."]
[Black "Hartmann, G."]
[Result "1/2-1/2"]
[WhiteElo "2335"]
[BlackElo "2330"]
[PlyCount "91"]
[EventDate "1988.??.??"]

1. d4 Nf6 2. c4 c5 3. d5 g6 4. Nc3 Bg7 5. e4 O-O 6. Nf3 d6 7. Be2 e6 8. O-O
exd5 9. cxd5 Na6 10. a4 Nc7 11. Nd2 b6 12. Nc4 Ba6 13. Bg5 Bxc4 14. Bxc4 Qd7
15. f3 a6 16. Qd3 Nh5 17. g4 Nf6 18. Bd2 h5 19. g5 Nh7 20. f4 Rfe8 21. Rae1
Bxc3 22. Bxc3 Qxa4 23. Ra1 Qd7 24. b4 Nxg5 25. Rae1 Nh3+ 26. Kh1 Qg4 27. bxc5
bxc5 28. Qg3 Nb5 29. Bf6 Nd4 30. Re3 Qxg3 31. Rxg3 Rxe4 32. Rxh3 Rae8 33. Bxa6
Nf5 34. Bd3 Re1 35. Rhf3 R8e3 36. Bxf5 gxf5 37. Rxe1 Rxe1+ 38. Kg2 Rd1 39. Rg3+
Kf8 40. Rg5 Rxd5 41. Rxh5 Ke8 42. Rh7 c4 43. h4 Rd2+ 44. Kf1 d5 45. Ke1 Rd3 46.
h5 1/2-1/2

[Event "BL 8788 Sindelfingen-Bamberg"]
[Site "?"]
[Date "1988.??.??"]
[Round "?.5"]
[White "Bialas, W."]
[Black "Kurz, A."]
[Result "1/2-1/2"]
[WhiteElo "2360"]
[BlackElo "2305"]
[PlyCount "71"]
[EventDate "1988.??.??"]

1. g3 g6 2. Bg2 Bg7 3. d4 d5 4. Nf3 Nf6 5. c4 O-O 6. Nbd2 c5 7. O-O cxd4 8.
Nxd4 e5 9. N4f3 Nc6 10. cxd5 Nxd5 11. a3 Qe7 12. Nxe5 Qxe5 13. Nc4 Qd4 14. Bxd5
Rd8 15. e4 Qxd1 16. Rxd1 Bg4 17. Bg5 Rd7 18. Rd3 Be2 19. Rd2 Nd4 20. Rxe2 Nxe2+
21. Kf1 Nd4 22. Na5 h6 23. Bd2 Rc8 24. Nxb7 Nb3 25. Rd1 Rb8 26. Na5 Nxa5 27.
Bxa5 Rxb2 28. Rc1 Bd4 29. Be1 Bb6 30. Rc6 Kh7 31. Rf6 Kg7 32. Bc3 Rb1+ 33. Kg2
Kf8 34. Bb4+ Kg7 35. Bc3 Kf8 36. Bb4+ 1/2-1/2

[Event "BL 8788 Sindelfingen-Bamberg"]
[Site "?"]
[Date "1988.??.??"]
[Round "?.6"]
[White "Ruehrig, V."]
[Black "Runau, R."]
[Result "0-1"]
[WhiteElo "2360"]
[BlackElo "2335"]
[PlyCount "101"]
[EventDate "1988.??.??"]

1. e4 c5 2. Nf3 d6 3. d4 cxd4 4. Nxd4 Nf6 5. Nc3 Nc6 6. Bg5 Bd7 7. Qd2 Nxd4 8.
Qxd4 Qa5 9. Bd2 e5 10. Qd3 Qc5 11. f3 a6 12. g4 Be6 13. b4 Qc7 14. g5 Nd7 15.
Nd5 Bxd5 16. Qxd5 Be7 17. c4 a5 18. bxa5 Nc5 19. Rb1 Rxa5 20. Bxa5 Qxa5+ 21.
Kf2 h6 22. Rb5 Qxa2+ 23. Be2 hxg5 24. Rxc5 Qa7 25. Kg2 Qxc5 26. Qxb7 Bd8 27.
Qb5+ Qxb5 28. cxb5 Bb6 29. Rc1 Ke7 30. Rc6 Rb8 31. Bc4 g6 32. Bd3 Kd7 33. Bc4
Ke7 34. h3 f5 35. Bd3 Bd8 36. Kf2 Bb6+ 37. Ke2 Bd8 38. Kd2 fxe4 39. fxe4 Ba5+
40. Kc2 Bb6 41. Kb3 Bd4 42. Rc7+ Kf6 43. Bc4 g4 44. h4 Rf8 45. Rd7 Bc5 46. b6
g3 47. Bf1 Bxb6 48. Rxd6+ Kg7 49. Bh3 Bd4 50. Kc4 Rf2 51. Rd7+ 0-1

[Event "BL 8788 Sindelfingen-Bamberg"]
[Site "?"]
[Date "1988.??.??"]
[Round "?.7"]
[White "Mohr, S."]
[Black "Kestler, H."]
[Result "1-0"]
[WhiteElo "2325"]
[BlackElo "2385"]
[PlyCount "126"]
[EventDate "1988.??.??"]

1. d4 Nf6 2. c4 d6 3. Nc3 e5 4. d5 Nbd7 5. e4 Nc5 6. Qc2 a5 7. Be2 g6 8. Nf3
Bg7 9. O-O O-O 10. Nd2 Ne8 11. Nb3 b6 12. Be3 f5 13. Nxc5 bxc5 14. exf5 gxf5
15. f4 e4 16. Rab1 Bd7 17. Qd2 Nf6 18. h3 Qe8 19. Kh2 Qg6 20. Nd1 Qh6 21. Nf2
Kh8 22. b3 Rg8 23. g3 Be8 24. Qe1 Bh5 25. Rg1 Bf3 26. Bd2 Rge8 27. Bc3 Qh5 28.
Rb2 a4 29. Bd1 axb3 30. axb3 Qh6 31. Qe3 Qh5 32. Re1 Kg8 33. Be2 Rab8 34. Rbb1
Bxe2 35. Qxe2 Qf3 36. Qe3 h5 37. Nd1 Kh7 38. Qg1 h4 39. Re3 hxg3+ 40. Qxg3
Qxg3+ 41. Rxg3 Rf8 42. Rg5 Bh6 43. Rxf5 Ng8 44. Rxf8 Rxf8 45. Nf2 Rxf4 46. Kg2
e3 47. Ng4 Rf8 48. Re1 Rb8 49. Rb1 Ne7 50. Kf3 Nf5 51. Ke4 Kg6 52. Nxh6 Re8+
53. Kf4 Nxh6 54. Rg1+ Kh5 55. Rg5+ Kh4 56. Be1+ Kxh3 57. Rh5+ Kg2 58. Rxh6 e2
59. Re6 Rf8+ 60. Ke3 Kf1 61. Kd2 Rf3 62. Rxe2 Rxb3 63. Rf2+ Kg1 1-0

[Event "BL 8788 Lasker-Heidelberg"]
[Site "?"]
[Date "1988.??.??"]
[Round "?.2"]
[White "Mack, P."]
[Black "Berg, K."]
[Result "1/2-1/2"]
[WhiteElo "2285"]
[BlackElo "2350"]
[PlyCount "89"]
[EventDate "1988.??.??"]

1. Nf3 Nf6 2. c4 g6 3. g3 Bg7 4. Bg2 c5 5. O-O O-O 6. d4 cxd4 7. Nxd4 Nc6 8.
Nc3 Ng4 9. Nb3 d6 10. e4 Bxc3 11. bxc3 Nge5 12. Bh6 Re8 13. c5 dxc5 14. Qxd8
Rxd8 15. Nxc5 b6 16. Nb3 Ba6 17. Rfd1 Be2 18. Re1 Bf3 19. Nd4 Bxg2 20. Nxc6
Nxc6 21. Kxg2 Rac8 22. Red1 f6 23. Be3 Na5 24. Rd4 e5 25. Rxd8+ Rxd8 26. Kf3
Kf7 27. Ke2 Ke6 28. Rc1 Nc4 29. g4 Rc8 30. Kd3 Rc7 31. h3 Nb2+ 32. Kc2 Nc4 33.
Kd3 Kd6 34. Rb1 Nxe3 35. fxe3 Kc5 36. c4 Kd6 37. a4 Rc5 38. Kc3 Ke6 39. Rf1 Rc6
40. Kb4 a6 41. Kb3 Rd6 42. Kc3 Kd7 43. Kc2 Kc6 44. Kc3 Kc5 45. Rb1 1/2-1/2

[Event "BL 8788 Lasker-Heidelberg"]
[Site "?"]
[Date "1988.??.??"]
[Round "?.3"]
[White "Heyken, E."]
[Black "Steinbacher, M."]
[Result "1-0"]
[WhiteElo "2305"]
[BlackElo "2260"]
[PlyCount "100"]
[EventDate "1988.??.??"]

1. c4 Nf6 2. Nc3 e6 3. Nf3 Bb4 4. g3 b6 5. Bg2 Bb7 6. O-O O-O 7. Qc2 Re8 8. a3
Bxc3 9. Qxc3 e5 10. d3 d5 11. b4 a5 12. Bb2 d4 13. Qb3 a4 14. Qc2 c5 15. e4 Na6
16. b5 Nc7 17. Rae1 Nh5 18. Qd1 g6 19. Bc1 Ra7 20. Bh6 Bc8 21. h3 f6 22. Kh2
Ne6 23. h4 Qc7 24. Ng1 Nd8 25. Bc1 Nf7 26. Nh3 Be6 27. f4 exf4 28. Nxf4 Nxg3
29. Kxg3 g5 30. hxg5 fxg5 31. e5 gxf4+ 32. Bxf4 Kh8 33. Qh5 Qd8 34. Be4 Rg8+
35. Kh2 Ng5 36. Bxg5 Rxg5 37. Qh6 Rag7 38. Rg1 Bg4 39. Qf6 Qe8 40. Rg3 Qxe5 41.
Qxe5 Rxe5 42. Rf1 h5 43. Rf8+ Rg8 44. Rf7 Rge8 45. Rg2 R8e7 46. Rf8+ Kg7 47.
Rgf2 Rxe4 48. dxe4 d3 49. R8f4 Be2 50. Rg2+ Kh7 {Zeit} 1-0

[Event "BL 8788 Lasker-Heidelberg"]
[Site "?"]
[Date "1988.??.??"]
[Round "?.5"]
[White "Junge, R."]
[Black "Nonnenmacher, E."]
[Result "1/2-1/2"]
[WhiteElo "2315"]
[BlackElo "2300"]
[PlyCount "35"]
[EventDate "1988.??.??"]

1. e4 c5 2. d4 cxd4 3. c3 d5 4. exd5 Qxd5 5. cxd4 Nc6 6. Nf3 e6 7. Nc3 Qd8 8.
a3 Nf6 9. Bd3 Be7 10. O-O O-O 11. Re1 b6 12. Bc2 Bb7 13. Qd3 g6 14. Bh6 Re8 15.
h4 Rc8 16. Rad1 Nd5 17. h5 Bf6 18. Re4 1/2-1/2

[Event "BL 8788 Koblenz-Zehlendorf"]
[Site "?"]
[Date "1988.??.??"]
[Round "?.1"]
[White "Pritchett, C."]
[Black "Andruet, G."]
[Result "1-0"]
[WhiteElo "2385"]
[BlackElo "2390"]
[PlyCount "89"]
[EventDate "1988.??.??"]

1. Nf3 c5 2. b3 b6 3. Bb2 Bb7 4. c4 Nf6 5. e3 e6 6. Nc3 Be7 7. d4 cxd4 8. exd4
d5 9. Be2 O-O 10. O-O Nc6 11. Rc1 Rc8 12. a3 Qd6 13. c5 bxc5 14. Nb5 Qb8 15.
dxc5 Ne4 16. b4 a5 17. Qa4 axb4 18. axb4 Qa8 19. Ra1 Qxa4 20. Rxa4 Ra8 21. Rfa1
Nxb4 22. Rxb4 Bxc5 23. Rba4 Bxf2+ 24. Kf1 Bc5 25. Bd4 Rxa4 26. Rxa4 Ra8 27.
Rxa8+ Bxa8 28. Bxc5 Nxc5 29. Ke1 Bc6 30. Nbd4 Bd7 31. Kd2 f6 32. Kc3 Kf7 33.
Kb4 Ne4 34. Bd3 Nf2 35. Bxh7 g6 36. Nh4 Nd3+ 37. Kc3 Ne5 38. Ndf3 d4+ 39. Kxd4
Nxf3+ 40. gxf3 g5 41. Ng2 f5 42. h4 Bc6 43. hxg5 Bxf3 44. Nf4 Ke7 45. Ke5 1-0

[Event "BL 8788 Koblenz-Zehlendorf"]
[Site "?"]
[Date "1988.??.??"]
[Round "?.2"]
[White "Wolf, V."]
[Black "Wockenfuss, K."]
[Result "1/2-1/2"]
[WhiteElo "2315"]
[BlackElo "2415"]
[PlyCount "50"]
[EventDate "1988.??.??"]

1. e4 Nc6 2. Nf3 d6 3. d4 Nf6 4. Nc3 g6 5. h3 Bg7 6. Be3 O-O 7. a3 a6 8. Qd2 b5
9. Bd3 Bb7 10. O-O e5 11. dxe5 Nxe5 12. Nxe5 dxe5 13. Rfd1 Qe7 14. b4 Rfd8 15.
Qe1 Nd7 16. a4 c6 17. Ne2 Bf8 18. c3 bxa4 19. Rxa4 c5 20. f3 Qe6 21. Nc1 Nb6
22. Ra1 cxb4 23. cxb4 Nc4 24. Bg5 Rdc8 25. Bxc4 Rxc4 1/2-1/2

[Event "BL 8788 Koblenz-Zehlendorf"]
[Site "?"]
[Date "1988.??.??"]
[Round "?.3"]
[White "Cladouras, P."]
[Black "Doncevic, D."]
[Result "0-1"]
[WhiteElo "2365"]
[BlackElo "2400"]
[PlyCount "78"]
[EventDate "1988.??.??"]

1. e4 c5 2. Nf3 Nc6 3. d4 cxd4 4. Nxd4 Nf6 5. Nc3 d6 6. Bc4 e6 7. Be3 a6 8. Qe2
Qc7 9. Bb3 Na5 10. O-O-O b5 11. f3 Nd7 12. Kb1 Nc5 13. Qf2 b4 14. Nce2 Bd7 15.
Nc1 Be7 16. Qd2 Rb8 17. Bg5 f6 18. Bh4 Naxb3 19. cxb3 O-O 20. Nd3 Nxd3 21. Qxd3
Qb7 22. Bg3 Rbc8 23. Rc1 e5 24. Nc2 f5 25. Ne3 fxe4 26. fxe4 Bc6 27. Nd5 Bg5
28. Rc2 Bb5 29. Qd1 Rxc2 30. Qxc2 Rc8 31. Qd1 Rc1+ 32. Qxc1 Bxc1 33. Rxc1 Bd3+
34. Ka1 h6 35. Rc8+ Kh7 36. Rc7 Qb5 37. a4 bxa3 38. Ka2 Bb1+ 39. Kxb1 Qxb3 0-1

[Event "BL 8788 Koblenz-Zehlendorf"]
[Site "?"]
[Date "1988.??.??"]
[Round "?.4"]
[White "Brueckner, T."]
[Black "Vogel, R."]
[Result "1/2-1/2"]
[WhiteElo "2400"]
[BlackElo "2385"]
[PlyCount "41"]
[EventDate "1988.??.??"]

1. c4 e5 2. Nc3 Nc6 3. g3 g6 4. Bg2 Bg7 5. d3 d6 6. e4 Be6 7. Nge2 Qd7 8. Be3
Nge7 9. Nd5 O-O 10. Qd2 Rac8 11. O-O Bh3 12. b4 Bxg2 13. Kxg2 Nxd5 14. cxd5 Ne7
15. Rac1 c6 16. dxc6 Nxc6 17. b5 Ne7 18. Qb4 b6 19. Rxc8 Rxc8 20. Rc1 d5 21.
Rxc8+ 1/2-1/2

[Event "BL 8788 Koblenz-Zehlendorf"]
[Site "?"]
[Date "1988.??.??"]
[Round "?.7"]
[White "Lieb, H."]
[Black "Weidemann, J."]
[Result "1/2-1/2"]
[WhiteElo "2305"]
[BlackElo "2290"]
[PlyCount "142"]
[EventDate "1988.??.??"]

1. d4 d5 2. Nf3 Nf6 3. c4 e6 4. g3 c5 5. cxd5 exd5 6. Bg2 Nc6 7. O-O Be7 8. Nc3
O-O 9. Be3 cxd4 10. Nxd4 Re8 11. Rc1 Bg4 12. h3 Be6 13. Kh2 Ne5 14. Nxe6 fxe6
15. Na4 b6 16. Bd4 Bd6 17. Nc3 Nf7 18. Bxf6 Qxf6 19. e4 Rad8 20. exd5 Be5 21.
Qb3 Kh8 22. dxe6 Rxe6 23. Nd5 Qh6 24. Ne3 Qg6 25. Bd5 Re7 26. Rc6 Qh5 27. Kg2
Nh6 28. Rc2 Nf5 29. Nxf5 Qxf5 30. Re1 Bf6 31. Be6 Qg6 32. Rce2 Qd3 33. Qa4 b5
34. Qg4 Rde8 35. h4 g6 36. h5 Rf8 37. Re3 gxh5 38. Qxh5 Qg6 39. Qd5 Bxb2 40.
Bf5 Qf7 41. Qxb5 Rb7 42. Qc6 Rb6 43. Qxb6 axb6 44. g4 Bf6 45. Rh1 Bg5 46. Reh3
h6 47. Rxh6+ Bxh6 48. Rxh6+ Kg8 49. Rg6+ Qxg6 50. Bxg6 Ra8 51. Bc2 Kg7 52. Bb3
Rc8 53. Kg3 Kf6 54. Kf4 Rc5 55. f3 Re5 56. Bc2 Ra5 57. a4 Rc5 58. Bd3 Rd5 59.
Ke4 Re5+ 60. Kd4 Ra5 61. Bb5 Kg5 62. Ke5 Ra7 63. Bc6 Re7+ 64. Kd6 Re3 65. Kc7
Rb3 66. Kb7 Kh4 67. Bb5 Rxf3 68. Kxb6 Rf6+ 69. Kc7 Kxg4 70. a5 Kf4 71. Bc6 Rf5
1/2-1/2

[Event "BL 8788 Zehlendorf-Heidelberg"]
[Site "?"]
[Date "1988.??.??"]
[Round "?.1"]
[White "Ostl, A."]
[Black "Pritchett, C."]
[Result "1/2-1/2"]
[WhiteElo "2385"]
[BlackElo "2385"]
[PlyCount "90"]
[EventDate "1988.??.??"]

1. Nf3 e6 2. c4 f5 3. g3 Nf6 4. Bg2 d5 5. d4 c6 6. O-O Bd6 7. b3 Qe7 8. Bb2 O-O
9. Nbd2 b6 10. Ne5 Bb7 11. Qc2 Nbd7 12. Ndf3 Rac8 13. e3 c5 14. Qe2 Ba6 15. a4
cxd4 16. exd4 dxc4 17. Nxc4 Ne4 18. Rfc1 Bb4 19. Qd1 Rfd8 20. Bf1 Bb7 21. Bg2
Bd5 22. Ne1 Ndc5 23. Nd3 Nxd3 24. Qxd3 Bb7 25. Qe3 Bd5 26. Qd3 Bb7 27. Ne3
Rxc1+ 28. Rxc1 Bd2 29. Rc2 Bxe3 30. Qxe3 Bd5 31. f3 Nf6 32. Bf1 h6 33. Bc4 Kh7
34. Re2 Qd7 35. Bxd5 exd5 36. Qd3 Re8 37. Re5 Rxe5 38. dxe5 Ne8 39. Ba3 g6 40.
h4 h5 41. Kg2 Ng7 42. Bd6 Qc6 43. Qa6 Qc2+ 44. Kh3 Qd1 45. Kg2 Qc2+ 1/2-1/2

[Event "BL 8788 Zehlendorf-Heidelberg"]
[Site "?"]
[Date "1988.??.??"]
[Round "?.2"]
[White "Wockenfuss, K."]
[Black "Mack, P."]
[Result "1/2-1/2"]
[WhiteElo "2415"]
[BlackElo "2285"]
[PlyCount "31"]
[EventDate "1988.??.??"]

1. d4 e6 2. Nf3 Nf6 3. Bg5 d5 4. Nbd2 h6 5. Bh4 c5 6. e3 Nbd7 7. c3 Be7 8. Bd3
b6 9. O-O Bb7 10. Ne5 Nxe5 11. dxe5 Nd7 12. Bg3 Bh4 13. Bxh4 Qxh4 14. Bb5 O-O-O
15. Nf3 Qh5 16. Qa4 1/2-1/2

[Event "BL 8788 Zehlendorf-Heidelberg"]
[Site "?"]
[Date "1988.??.??"]
[Round "?.3"]
[White "Steinbacher, M."]
[Black "Cladouras, P."]
[Result "1-0"]
[WhiteElo "2260"]
[BlackElo "2365"]
[PlyCount "51"]
[EventDate "1988.??.??"]

1. e4 c5 2. Nf3 e6 3. d4 cxd4 4. Nxd4 Nc6 5. Nb5 Nf6 6. Bf4 e5 7. Bg5 d6 8. Nd2
a6 9. Nc3 Be6 10. Nc4 Nd4 11. Nd5 Bxd5 12. exd5 h6 13. Bxf6 Qxf6 14. c3 Nb5 15.
Nb6 Rd8 16. Qa4 Qg6 17. Bxb5+ axb5 18. Qxb5+ Ke7 19. O-O f5 20. f4 e4 21. Nc4
Rd7 22. a4 Qf7 23. a5 g5 24. a6 bxa6 25. Rxa6 Rg8 26. Ne5 1-0

[Event "BL 8788 Zehlendorf-Heidelberg"]
[Site "?"]
[Date "1988.??.??"]
[Round "?.4"]
[White "Vogel, R."]
[Black "Nonnenmacher, E."]
[Result "0-1"]
[WhiteElo "2385"]
[BlackElo "2300"]
[PlyCount "76"]
[EventDate "1988.??.??"]

1. d4 Nf6 2. c4 e6 3. Nc3 Bb4 4. e3 b6 5. Nge2 Bb7 6. a3 Bf8 7. d5 Qe7 8. Ng3
c6 9. dxe6 dxe6 10. Be2 Nbd7 11. O-O O-O-O 12. b4 h5 13. Qc2 h4 14. Nge4 h3 15.
g3 Nxe4 16. Nxe4 f5 17. Nd2 c5 18. Bb2 Rg8 19. Nb3 g5 20. bxc5 Nxc5 21. Nxc5
Qxc5 22. Qa4 Bg7 23. Bxg7 Rxg7 24. Rfd1 Rgd7 25. Rxd7 Rxd7 26. Rd1 Bc6 27. Qb3
Rxd1+ 28. Bxd1 Qe5 29. f3 f4 30. Kf2 fxg3+ 31. hxg3 h2 32. Kg2 Qh8 33. Kh1 Qh3
34. c5 Qxg3 35. Qxe6+ Kb7 36. Qe7+ Ka6 37. Be2+ b5 38. Bxb5+ Kxb5 0-1

[Event "BL 8788 Zehlendorf-Heidelberg"]
[Site "?"]
[Date "1988.??.??"]
[Round "?.8"]
[White "Lieb, H."]
[Black "Krieger, H."]
[Result "1-0"]
[WhiteElo "2305"]
[BlackElo "2215"]
[PlyCount "101"]
[EventDate "1988.??.??"]

1. d4 Nf6 2. Nf3 e6 3. c4 c5 4. d5 exd5 5. cxd5 d6 6. Nc3 g6 7. Bf4 a6 8. a4
Bg7 9. Nd2 Nh5 10. Be3 O-O 11. Nc4 f5 12. g3 Qc7 13. Bg2 Nd7 14. Bf3 Ndf6 15.
Qd2 Bd7 16. a5 Bb5 17. Nb6 Rae8 18. h3 Nd7 19. Nxd7 Bxd7 20. Bxh5 gxh5 21. Bh6
Qd8 22. h4 Qf6 23. Bxg7 Kxg7 24. Qg5+ Qxg5 25. hxg5 Kg6 26. f4 Re3 27. Kf2 Rfe8
28. Rhe1 h6 29. gxh6 Kxh6 30. Ra3 Kg6 31. Nb1 Rxa3 32. bxa3 Re4 33. Nc3 Rc4 34.
Rc1 h4 35. e3 hxg3+ 36. Kxg3 Be8 37. Kf2 Bf7 38. Ke2 Bxd5 39. Rg1+ Kf7 40. Nxd5
Ra4 41. Rb1 Ke6 42. Nc3 Rxa3 43. Kd2 Rxa5 44. Rxb7 c4 45. Rb4 Rc5 46. Rb6 a5
47. Nb5 Rd5+ 48. Nd4+ Kd7 49. Kc3 Rc5 50. Rb7+ Kc8 51. Rb5 1-0

[Event "BL 8788 Lasker-Koblenz"]
[Site "?"]
[Date "1988.??.??"]
[Round "?.1"]
[White "Gutman, L."]
[Black "Muse, M."]
[Result "1-0"]
[WhiteElo "2475"]
[BlackElo "2415"]
[PlyCount "73"]
[EventDate "1988.??.??"]

1. Nf3 Nf6 2. g3 d5 3. Bg2 e6 4. O-O Be7 5. b3 O-O 6. c4 b6 7. cxd5 exd5 8. Bb2
Re8 9. Qc2 Ba6 10. Nc3 c6 11. d3 Nbd7 12. Rfd1 Rc8 13. e4 Bf8 14. Bh3 Rc7 15.
Rac1 Nc5 16. e5 Nfd7 17. d4 Ne6 18. Qd2 Bb7 19. Bg2 f6 20. exf6 Qxf6 21. Re1
Bd6 22. Nd1 Ndf8 23. Ne3 h5 24. Nc2 Rce7 25. Bc3 Ng6 26. Ne5 Ng5 27. f4 Ne4 28.
Rxe4 dxe4 29. Bxe4 Nf8 30. Ne3 c5 31. Nd5 Bxd5 32. Bxd5+ Kh7 33. dxc5 Bxc5+ 34.
Kh1 Rxe5 35. fxe5 Qf5 36. Re1 g6 37. Qe2 1-0

[Event "BL 8788 Lasker-Koblenz"]
[Site "?"]
[Date "1988.??.??"]
[Round "?.2"]
[White "Berg, K."]
[Black "Andruet, G."]
[Result "0-1"]
[WhiteElo "2350"]
[BlackElo "2390"]
[PlyCount "74"]
[EventDate "1988.??.??"]

1. e4 c5 2. Nc3 Nc6 3. f4 g6 4. Nf3 Bg7 5. Bb5 Nd4 6. O-O Nxb5 7. Nxb5 d6 8. d3
Bd7 9. Nc3 e6 10. Be3 Ne7 11. d4 Qc7 12. dxc5 dxc5 13. Qd2 O-O-O 14. Qf2 Bxc3
15. bxc3 b6 16. Ne5 Rhf8 17. a4 Bc6 18. Nxc6 Nxc6 19. Rfb1 Na5 20. Rb5 Rfe8 21.
Rab1 Rd6 22. Rxa5 bxa5 23. Bxc5 Rc6 24. Bxa7 Rxc3 25. Bb6 Qc6 26. Qd2 Rxc2 27.
Qxa5 Rc1+ 28. Rxc1 Qxc1+ 29. Kf2 Qxf4+ 30. Kg1 Qc1+ 31. Kf2 Qc6 32. Qa6+ Kd7
33. Qa7+ Kd6 34. a5 Rc8 35. Qxf7 Qxe4 36. Qf3 Rc2+ 37. Kg3 Qe5+ 0-1

[Event "BL 8788 Lasker-Koblenz"]
[Site "?"]
[Date "1988.??.??"]
[Round "?.3"]
[White "Wolf, V."]
[Black "Heyken, E."]
[Result "1/2-1/2"]
[WhiteElo "2315"]
[BlackElo "2305"]
[PlyCount "109"]
[EventDate "1988.??.??"]

1. e4 e6 2. d4 d5 3. exd5 exd5 4. c4 Nf6 5. Nc3 Be7 6. Bd3 Nc6 7. cxd5 Nxd5 8.
Nge2 O-O 9. O-O Bg4 10. h3 Bxe2 11. Nxe2 Bf6 12. Be4 Re8 13. Qd3 Qd6 14. a3 Qe6
15. Bf3 Rad8 16. Rd1 Nb6 17. Be3 Ne5 18. Qe4 Nxf3+ 19. Qxf3 Nc4 20. Nf4 Qe4 21.
Qxe4 Rxe4 22. Nh5 Nxe3 23. Nxf6+ gxf6 24. fxe3 Rxe3 25. Rac1 c6 26. Rc3 Re4 27.
Rb3 b6 28. Rc1 Rd6 29. Rbc3 Rexd4 30. Rxc6 Rxc6 31. Rxc6 Rd2 32. b4 Ra2 33. Rc3
f5 34. Kh2 Kg7 35. Kg3 Kf6 36. Kf4 Rf2+ 37. Kg3 Rd2 38. Kf4 Rf2+ 39. Kg3 Ra2
40. Kf4 h6 41. Rc6+ Kg7 42. Rc3 a5 43. bxa5 bxa5 44. g3 Kg6 45. h4 a4 46. Rc6+
f6 47. h5+ Kxh5 48. Rxf6 Rxa3 49. Rxf5+ Kg6 50. Ra5 Ra1 51. Ra6+ Kg7 52. Ra7+
Kf8 53. Kf3 a3 54. Kg2 Ke8 55. Ra6 1/2-1/2

[Event "BL 8788 Lasker-Koblenz"]
[Site "?"]
[Date "1988.??.??"]
[Round "?.5"]
[White "Brueckner, T."]
[Black "Junge, R."]
[Result "1/2-1/2"]
[WhiteElo "2400"]
[BlackElo "2315"]
[PlyCount "36"]
[EventDate "1988.??.??"]

1. Nf3 Nf6 2. g3 g6 3. c4 c5 4. Nc3 Nc6 5. Bg2 Bg7 6. O-O O-O 7. a3 d5 8. cxd5
Nxd5 9. Nxd5 Qxd5 10. d3 Qh5 11. Rb1 Bg4 12. Be3 Nd4 13. Bxd4 cxd4 14. Qa4 a5
15. Nxd4 Bxd4 16. Qxd4 Bxe2 17. Rfe1 Rad8 18. Qe3 Bxd3 1/2-1/2

[Event "BL 8788 Lasker-Koblenz"]
[Site "?"]
[Date "1988.??.??"]
[Round "?.6"]
[White "Zbikowski, W."]
[Black "Bayer, E."]
[Result "1/2-1/2"]
[WhiteElo "2265"]
[BlackElo "2360"]
[PlyCount "69"]
[EventDate "1988.??.??"]

1. e4 c5 2. Nc3 a6 3. g3 b5 4. a3 Bb7 5. Bg2 Nf6 6. d3 e6 7. f4 Qc7 8. Nf3 d6
9. O-O Be7 10. h3 Nbd7 11. Be3 O-O-O 12. a4 b4 13. Ne2 Kb8 14. a5 Rc8 15. Nd2
h6 16. c3 d5 17. e5 Nh7 18. cxb4 cxb4 19. Nd4 Nc5 20. N2b3 Qd7 21. Qd2 Rc7 22.
Bf2 Rhc8 23. Qe3 Nf8 24. Kh2 Ba8 25. Rfc1 Nxb3 26. Rxc7 Rxc7 27. Nxb3 Rc2 28.
Rc1 Rxc1 29. Nxc1 Qc7 30. Nb3 Nd7 31. Bf3 Bc6 32. Nd4 Bb7 33. Nb3 Bc6 34. Nd4
Bb7 35. Nb3 1/2-1/2

[Event "BL 8788 Bochum-Bayern"]
[Site "?"]
[Date "1988.??.??"]
[Round "?.1"]
[White "Ribli, Z."]
[Black "Keitlinghaus, L."]
[Result "1/2-1/2"]
[WhiteElo "2595"]
[BlackElo "2400"]
[PlyCount "61"]
[EventDate "1988.??.??"]

1. g3 c5 2. Bg2 Nc6 3. Nf3 g6 4. O-O Bg7 5. d3 d6 6. c4 Rb8 7. Nbd2 a6 8. Rb1
b5 9. b3 e5 10. Bb2 Nge7 11. a3 O-O 12. e3 h6 13. Ba1 Be6 14. Re1 Qd7 15. Ne4
f5 16. Nc3 Bf7 17. Nd2 Kh7 18. Nd5 Nxd5 19. cxd5 Ne7 20. e4 fxe4 21. dxe4 g5
22. Nf1 Bg6 23. Ne3 h5 24. Bc3 Rf7 25. Qe2 Rbf8 26. Rf1 g4 27. f3 gxf3 28. Rxf3
Rxf3 29. Bxf3 Bh6 30. Ng2 Nxd5 31. Be1 1/2-1/2